Memoria de la gestión corporativa de la excelentísima diputación provincial de Barcelona del año 1965.
Descripción Física:
v. ; 30 cm ; 12cm
MARC
| LEADER | 00000nam a2200000Ia 4500 | ||
|---|---|---|---|
| 001 | 8620 | ||
| 003 | Arxiu | ||
| 008 | 160829s1984 - xx 000 0 cat d | ||
| 080 | |a Memòries. | ||
| 110 | 1 | |a Barcelona (Catalunya : Província). |b Diputació |9 52408 | |
| 240 | |a Memòria 1965 | ||
| 245 | |a Memoria de la gestión corporativa de la excelentísima diputación provincial de Barcelona del año 1965. | ||
| 260 | |a Barcelona : |b Diputació. Presidència, |c 1965 | ||
| 300 | |a v. ; |c 30 cm ; |c 12cm | ||
| 650 | 0 | |a Barcelona (Catalunya : Província). Diputació |x Memòries |9 23006 | |
| 710 | 1 | |a Barcelona (Catalunya : Província). |b Diputació |9 52408 | |
| 710 | 1 | |a Catalunya. |b Diputació Provincial |9 54288 | |
| 856 | |u https://www.diba.cat/documents/94831/366392651/1965_baixa.pdf/c9aa45ed-c1a4-4dd7-754d-55f5b6dcc170?t=1648207553175 |z bib_8620_1965.pdf | ||
| 900 | |a bib_8620_1965_baixa.pdf | ||
| 901 | |a Arxiu | ||
| 942 | |n 1 |2 udc |c ARXIU | ||
| 952 | |0 0 |1 0 |4 0 |6 MEMÒRIES |7 1 |9 63647 |a Arxiu |b Arxiu |d 2022-08-30 |l 0 |o Memòries |p 8620 |r 2022-08-30 00:00:00 |w 2022-08-30 |y ARXIU |z Digitalitzat | ||
| 999 | |c 80623 |d 80623 | ||